000 00338nam a2200133Ia 4500
008 191206s9999 xx 000 0 und d
020 _a0847809560 :
090 _aDA667.N53
245 4 _aThe village in history
260 _aRizzoli
260 _cc1988
300 _a197 p. : ill. ; 27 cm.
999 _c17157
_d17157